000
00319nam a22001457a 4500
008
221117b ||||| |||| 00| 0 eng d
020
_a
9780321645586
041
_a
eng
080
_2
3RD EDITION
_a
51
082
_a
51DUG
100
_a
22.2
101
_a
MATE
245
_a
TRIGONOMETRY
_c
DUGOPOLSKI
942
_2
udc
_c
BK
999
_c
58936
_d
58936